00518nam a2200181Ii 450000100060000000300090000600800410001504000330005604100080008908200230009710000320012024500240015226400670017630000120024333600260025533700280028133800270030913380CO-ViMGA241108s9999||||xx |||||||||||||| ||und|| aCO-ViMGAbspaerdacCO-ViMGA0 aspa04aF.FC 923.31 - B46v1 aGuillermo Vargas Villamizar10aBiófilo panclasta 1aCaracas, Venezuela : Corporación Educativa del Oriente, 1988 avolumen atextbtxt2rdacontent aunmediatedbn2rdamedia avolumebnc2rdacarrier